00594nam a2200169Ia 4500008004100000082001800041100001600059245006000075260002400135300001000159440003900169500005700208650002400265700002600289952009200315999001700407120622s9999 xx 000 0 und d a599.938 V191p aVallois, H aLos procesos de hominización / H. Vallois y A. Vandel aMéxico : Grijalbo a156 p aColección 70. Segunda serie ; 52 aTítulo original : Les processus de l'homminization a1. EVOLUCION HUMANA aVandel, A., coaut.Ì 00104070a01b01d2007-01-25l0o599.938 V191Pp01 009587r2012-06-24w2012-06-24yLB c60203d60203